Online Catalogue and eLibrary

Dahanama vana siyawase sinhala gadya sahithyaya (Record no. 4921)

MARC details
000 -LEADER
fixed length control field 00411nam a2200145Ia 4500
005 - DATE AND TIME OF LATEST TRANSACTION
control field 20250430062427.0
008 - FIXED-LENGTH DATA ELEMENTS--GENERAL INFORMATION
fixed length control field 240331s9999 xx 000 0 und d
082 ## - DDC Classification
Item Number - Author Mark RAJ
Class No. 891
100 ## - MAIN ENTRY--PERSONAL NAME
Personal name Rajakaruna,A
245 #0 - TITLE STATEMENT
Title Dahanama vana siyawase sinhala gadya sahithyaya
260 ## - PUBLICATION, DISTRIBUTION, ETC.
Place of publication, distribution, etc. Colombo
Name of publisher, distributor, etc. Light publishers
Date of publication, distribution, etc. 1994
300 ## - PHYSICAL DESCRIPTION
Extent (e.g. Volumes, Pages etc.) 258 p .,
500 ## - GENERAL NOTE
General note Sinhala prose literature of the Nineteenth century
942 ## - Koha item type (Biblio)
Koha item type Books in Stacks (Lending)
Holdings
Lost status Damaged status Collection code Home library Current library Shelving location Date acquired Full call number Accession Number Item type
    Lending WERC Library WERC Library Social Science Cupboard 03/31/2024 891.48 RAJ 3897 Books in Stacks (Lending)

© WERC Library